| 000 | 00872nam a22001937a 4500 | ||
|---|---|---|---|
| 999 |
_c9203 _d9203 |
||
| 003 | AR-CdUCM | ||
| 008 | 190312b ||||| |||| 00| 0 spa d | ||
| 040 |
_aMUNICIPALIDAD PROVINCIAL DEL CUSCO _cBIBLIOTECA MUNICIPAL DEL CUSCO |
||
| 082 |
_22ed. _a468.3 / _bR17 |
||
| 100 |
_aRagucci, Rodolfo _915947 |
||
| 245 |
_aPalabras enfermas y bárbaras : _bdoscientos problemas idiomáticos con varios centenares de corolarios resueltos en forma sencilla para aficionados al bien decir / |
||
| 260 |
_aBuenos Aires : _bSociedad Editora Internacional, _c1946. |
||
| 300 |
_a351 páginas ; _c23 cm. |
||
| 505 | _aContenido: Excelencia singular de la lengua española -- Manera de fichar. La voz "fierro". La definición del diccionario de la Real Academia ... | ||
| 650 |
_aLengua española _91124 |
||
| 650 |
_aTérminos lingüisticos _915948 |
||
| 942 |
_2ddc _cLIBROS |
||
| 945 | _aacv | ||